000 01369cam a2200253 4500
001 ABS63148
008 000000n2000 000 0 eng u
035 _a(Sirsi) u109392
100 _aFleming, J
245 _aGlobal warring
260 _c2000
490 _aLaw Society's Gazette
_v97(42) 2 November 2000, 32-34(3)
520 _aDiscusses the growth of arbitration in an international context; the International Chamber of Commerce (ICC) court of arbitration recorded a new high of over 500 cases in the last year, and judges are beginning to use arbitration findings in their judgments. The main advantages of arbitration include ease of enforcing, confidentiality and low costs. For foreign parties, international arbitration is also appealing because they can avoid enforcing a civil judgment in local courts which are often strongly influenced by central government. However, problem areas can include conflict and international arbitrators who fail to take the role seriously.
590 _aABS
650 _aINTERNATIONAL ARBITRATION
650 _aLEGAL PROFESSION
650 _aCONFIDENTIALITY
650 _aRUSSIA
650 _aDEVELOPING COUNTRIES
650 _aICC
650 _aMANAGEMENT-DISPUTE AVOIDANCE, MANAGEMENT AND RESOLUTION-DISPUTE MANAGEMENT AND RESOLUTION-ARBITRATION
690 _aDispute resolution
_96236
942 _n0
999 _c65303
_d65303